| 000 | 00644nam a2200241Ia 4500 | ||
|---|---|---|---|
| 005 | 20260121112620.0 | ||
| 008 | 7418 260114s9999 xx 000 0 eng d | ||
| 020 | _a9789812772244 | ||
| 037 | _aEBOOK | ||
| 040 |
_aCRL _beng _cCRL |
||
| 041 |
_aeng _2eng |
||
| 084 | _qCRL | ||
| 100 |
_aJablan Slavik & Sazdanovic Radmila _9960459 |
||
| 245 | 0 | _aLinknot: Knot Theory by Computer | |
| 260 | _bWorld Scientific | ||
| 260 | _bWSPC | ||
| 260 | _c2007 | ||
| 650 |
_aMathematics _9960460 |
||
| 856 | _uhttps://www.worldscientific.com/worldscibooks/10.1142/6623#t=toc | ||
| 942 | _cEBOOK | ||
| 999 |
_c1544718 _d1544718 |
||